Arditti+RDT / Architects /

Texto sobre algunos de los trabajos que la firma de los hermanos Arditti ha realizado, con una pequeña explicación para cada obra, que permite conocer los planteamientos que están detrás de su propuesta arquitectónica.

Сохранить в:
Библиографические подробности
Главный автор: Arditti, Mauricio (autor)
Другие авторы: Arditti, Arturo (autor) (autor), Arditti, Jorge (autor) (autor)
Формат:
Язык:английский
Опубликовано: México : COEDI MEX, 2000, c2000
Предметы:
Метки: Добавить метку
Нет меток, Требуется 1-ая метка записи!

MARC

LEADER 00000nam^a2200000^a^4500
001 000277509
005 20250521000000.0
009 20260310111335.456
020 |a 968-5152-03-9 
037 |a Acervo ITESO - Biblioteca 
041 |a ING 
082 |a 720. 972  |b ARD 
100 |a Arditti, Mauricio  |e (autor) 
245 1 0 |a Arditti+RDT / Architects /  |c M. Arditti, A. Arditti, J. Arditti ; introd. de Michael Rotondi. 
264 4 |a México :  |b COEDI MEX,  |c 2000, c2000 
300 |a 152 p. 
336 |a texto  |b txt  |2 rdacontenido 
337 |a sin mediación  |b n  |2 rdamedio 
338 |a volumen  |b nc  |2 rdasoporte 
520 |a Texto sobre algunos de los trabajos que la firma de los hermanos Arditti ha realizado, con una pequeña explicación para cada obra, que permite conocer los planteamientos que están detrás de su propuesta arquitectónica. 
649 |a XX 
650 |a Arquitectos Mexicanos 
650 |a Artistas Mexicanos 
650 |a Arquitectura Mexicana -  |y Siglo XX 
650 |a Arte Mexicano -  |y Siglo XX 
650 |a Arditti, Mauricio 
650 |a Arditti, Arturo 
650 |a Arditti, Jorge 
700 |a Arditti, Arturo  |e (autor) 
700 |a Arditti, Jorge  |e (autor) 
910 |a Fondo Julio de la Peña Lomelín 
920 |a Impresos - Libros 
930 |a Arquitectos Jaliscienses 
905 |a 115 
901 |a 0500133791  |b IT1  |c JAL  |u 20250521 
902 |a https://opac.biblio.iteso.mx/vufind/Record/000277509